Realizando una jornada
Saved in:
| Main Author: | |
|---|---|
| Format: | Book |
| Language: | Spanish |
| Published: |
Santiago
CIDE
1970
|
| Series: | Instrumentos de trabajo educativo, 2
|
| Subjects: | |
| Tags: |
Add Tag
No Tags, Be the first to tag this record!
|
MARC
| LEADER | 00000nam a2200000 a 4500 | ||
|---|---|---|---|
| 001 | UCW6165 | ||
| 003 | CL-VaPUC | ||
| 008 | 911025e19700000CL |||||||||||||||||spa|d | ||
| 082 | 0 | 4 | |a 371.37 |b IGL |2 21 |
| 100 | 0 | |a Iglesias, Sonia |e author |9 311164 | |
| 245 | 1 | 0 | |a Realizando una jornada |
| 300 | |a 81 p | ||
| 942 | |c BK | ||
| 945 | |d 19911025 00:00:00 | ||
| 260 | |a Santiago |b CIDE |c 1970 | ||
| 650 | 0 | |a Dinámica de grupos |9 259862 | |
| 650 | 7 | |a EDUCACION EXTRAESCOLAR |2 CL-VaPUC |9 311165 | |
| 583 | |a last modification |c 19911025 00:00:00 |k Rodrigo Vera | ||
| 490 | 0 | |a Instrumentos de trabajo educativo, 2 | |
| 999 | |c 219321 |d 219319 | ||
| 952 | |0 0 |1 0 |4 0 |6 371_370000000000000_IGL_1970 |7 0 |8 P |9 210105 |a BIBEDU |b BIBEDU |c BIBEDU_PB |d 2019-11-15 |i 278193K |o 371.37 IGL 1970 |p 278193K |r 2024-01-25 |w 2019-11-15 |y BK |k EDU | ||
| 952 | |0 0 |1 0 |4 0 |6 371_370000000000000_IGL_1970 |7 0 |8 P |9 210106 |a BIBEDU |b BIBEDU |c BIBEDU_PB |d 2019-11-15 |i 2781948 |o 371.37 IGL 1970 |p 2781948 |r 2024-01-25 |w 2019-11-15 |y BK |k EDU | ||